00649nam a2200193Ia 4500999001500000020001800015082002000033100001500053245005600068260003100124300001400155650002900169650002900198650003600227650003600263700002100299942000700320952012800327 c6540d6540 a9788190583596 a327.54051 CHU-R aChung, Tan 0aRise of the asian giants: the dragon-elephant tango aLandonbAnthem Pressc2008 axiii, 298 aIndustrialisationzIndia aIndustrialisationzChina aIndiavForeign relationszChina aChinavForeign relationszIndia aUberoi, Patricia cBK 00104070aNASSDOCbNASSDOCd2009-03-16eAAKARi2009-02-01l0o327.54051 CHU-Rp45274r2019-04-18 00:00:00w2019-04-18yBK